The ECG made easy / (Record no. 32340)
[ view plain ]
| 000 -LEADER | |
|---|---|
| fixed length control field | 00879nam a22002417a 4500 |
| 008 - FIXED-LENGTH DATA ELEMENTS--GENERAL INFORMATION | |
| fixed length control field | 260120b |||||||| |||| 00| 0 eng d |
| 020 ## - INTERNATIONAL STANDARD BOOK NUMBER | |
| International Standard Book Number | 9780323937665 |
| 050 ## - LIBRARY OF CONGRESS CALL NUMBER | |
| Classification number | RC683.5 |
| Item number | .E5 H3 2025 |
| 100 ## - MAIN ENTRY--PERSONAL NAME | |
| Personal name | Hampton, John, |
| Dates associated with a name | author. |
| 245 ## - TITLE STATEMENT | |
| Title | The ECG made easy / |
| Statement of responsibility, etc. | John Hampton, Joanna Hampton, David Adlam. |
| 250 ## - EDITION STATEMENT | |
| Edition statement | 10th edition. |
| 260 ## - PUBLICATION, DISTRIBUTION, ETC. (IMPRINT) | |
| Place of publication, distribution, etc. | Amsterdam : |
| Name of publisher, distributor, etc. | Elsevier - Health Sciences Division, |
| Date of publication, distribution, etc. | 2024. |
| 300 ## - PHYSICAL DESCRIPTION | |
| Extent | xii, 198p. : |
| Other physical details | illustrations ; |
| Dimensions | 19cm. |
| 500 ## - GENERAL NOTE | |
| General note | Includes index. |
| 650 ## - SUBJECT ADDED ENTRY--TOPICAL TERM | |
| Topical term or geographic name as entry element | Electrocardiography |
| General subdivision | Study and teaching. |
| 650 ## - SUBJECT ADDED ENTRY--TOPICAL TERM | |
| Topical term or geographic name as entry element | Cardiovascular diseases |
| General subdivision | Diagnosis. |
| 650 ## - SUBJECT ADDED ENTRY--TOPICAL TERM | |
| Topical term or geographic name as entry element | Heart |
| General subdivision | Diseases |
| -- | Diagnosis. |
| 700 ## - ADDED ENTRY--PERSONAL NAME | |
| Personal name | Hampton, Joanna, |
| Relator term | author. |
| 700 ## - ADDED ENTRY--PERSONAL NAME | |
| Personal name | Adlam, David, |
| Relator term | author. |
| 700 ## - ADDED ENTRY--PERSONAL NAME | |
| Personal name | Elsevier - Health Sciences Division, |
| Relator term | publisher. |
| 710 ## - ADDED ENTRY--CORPORATE NAME | |
| Corporate name or jurisdiction name as entry element | Elsevier. |
| 942 ## - ADDED ENTRY ELEMENTS (KOHA) | |
| Source of classification or shelving scheme | |
| Koha item type | Hard Covered Materials |
| Classification part | RC683.5 .E5 H3 2025 |
| Withdrawn status | Lost status | Source of classification or shelving scheme | Damaged status | Not for loan | Home library | Current library | Shelving location | Date acquired | Source of acquisition | Cost, normal purchase price | Full call number | Barcode | Date last seen | Price effective from | Koha item type |
|---|---|---|---|---|---|---|---|---|---|---|---|---|---|---|---|
| MACHAKOS UNIVERSITY LIBRARY | MACHAKOS UNIVERSITY LIBRARY | Open shelf | 17/11/2025 | Turaco book house | 9741.60 | RC683.5 .H3 2025 | 40297 | 28/01/2026 | 20/01/2026 | Hard Covered Materials |